Návrh experimentálneho zariadenia na výrobu pary malých výkonov s využitím obnoviteľných zdrojov energie
Na minha lista:
| Autor principal: | |
|---|---|
| Outros Autores: | |
| Formato: | Manuscrito Livro |
| Idioma: | eslovaco |
| Publicado em: |
2016
|
| Assuntos: | |
| Acesso em linha: | http://is.stuba.sk/zp/portal_zp.pl?podrobnosti=133478 |
| Tags: |
Sem tags, seja o primeiro a adicionar uma tag!
|
MARC
| LEADER | 00000ntm a22000003a 4500 | ||
|---|---|---|---|
| 001 | stuzp57687 | ||
| 003 | SK-STU | ||
| 005 | 20160719155330.9 | ||
| 007 | ta | ||
| 008 | 150427s2015----xo-----f-mn---000-0-slo-d | ||
| 040 | |a STU |b slo | ||
| 041 | 0 | |a slo | |
| 100 | 1 | |a Goda, Martin |u 020060 |k Z4 |4 aut |U SjF Strojnícka fakulta |T SjF Ústav energetických strojov a zariadení |X 9244 |U J0060 |Y 805 |7 A000009244 | |
| 242 | 0 | 1 | |a Design of experimental low power staem generator using renewable energy sources |y eng |
| 245 | 1 | 0 | |a Návrh experimentálneho zariadenia na výrobu pary malých výkonov s využitím obnoviteľných zdrojov energie |
| 260 | |c 2016 | ||
| 650 | 4 | |a slnečná energia |2 slo | |
| 650 | 4 | |a biomasa |2 slo | |
| 650 | 4 | |a parný stroj |2 slo | |
| 650 | 4 | |a parogenerátor |2 slo | |
| 650 | 4 | |a solárny kolektor |2 slo | |
| 650 | 4 | |a solar energy |2 eng | |
| 650 | 4 | |a biomass |2 eng | |
| 650 | 4 | |a steam engine |2 eng | |
| 650 | 4 | |a steam generator |2 eng | |
| 650 | 4 | |a solar collector |2 eng | |
| 700 | 1 | |a Muškát, Peter |u 020060 |k Z1 |4 ths |U SjF Strojnícka fakulta |T SjF Ústav energetických strojov a zariadení |X 5022 |U J0060 |Y 805 |7 A00005022 | |
| 856 | 4 | |u http://is.stuba.sk/zp/portal_zp.pl?podrobnosti=133478 | |
| 996 | |b 284J043920 |c J* 2210/DP |l JJSK |s A |a 24 |w stuzp57687_0001 | ||
| SQL | |a stuzp57687 |b DDP |c SLO |d Návrh experimentálneho zariadenia na výrobu pary malých výkonov s využitím obnoviteľných zdrojov energie |e 9244 |f Goda, Martin |g 020060 |h 5022 |i Muškát, Peter |j 20160615 |k 1306 |l 02 |m http://is.stuba.sk/zp/portal_zp.pl?podrobnosti=133478 |n I-ESZ |o 5.2.6. energetické stroje a zariadenia | ||